000 00768nam a2200277 a 4500
001 BRCA_7627
005 20190320205922.0
008 090713s19uu----fr-a######---#000-0#fre-#
041 _afre
044 _afr
050 4 _aN2050
_b.G44 1900
100 1 _aGeffroy, Gustave
_918813
245 1 0 _aLes Gobelins
_cGustave Geffroy.
260 _aParís
_bNilsson
_c[19--?]
300 _a161 p.
_bil., 152 láminas
_c27 cm.
440 0 _aLes Musees d´Europe
_918814
500 _aEdición con cantos dorados
500 _aEx libris de: Renee Stora
500 _aT40
610 2 4 _aMusee des Gobelins (París)
_918815
650 1 4 _aArte
_zParís
_99463
650 1 4 _aGalerías y museos
_zFrancia
_97839
650 1 4 _aGobelinos
_99246
902 _aGFM
942 _2lcc
_cB
999 _c7301
_d7301